On wings of fire: (Record no. 671)
[ view plain ]
| 000 -LEADER | |
|---|---|
| fixed length control field | 00533nam a2200193Ia 4500 |
| 003 - CONTROL NUMBER IDENTIFIER | |
| control field | 0100 |
| 008 - FIXED-LENGTH DATA ELEMENTS--GENERAL INFORMATION | |
| fixed length control field | 130227s9999 xx 000 0 und d |
| 040 ## - CATALOGING SOURCE | |
| Transcribing agency | ARRUPELIB |
| 050 ## - LIBRARY OF CONGRESS CALL NUMBER | |
| Classification number | DT703.G7352 1967 |
| 100 ## - MAIN ENTRY--PERSONAL NAME | |
| Personal name | Green, Lawrence, George |
| 9 (RLIN) | 39205 |
| 245 ## - TITLE STATEMENT | |
| Title | On wings of fire: |
| 245 ## - TITLE STATEMENT | |
| Remainder of title | A narrative of odd and unusual characters and queer, remote places along the Flamingo coast from Swampland to the Cape |
| 260 ## - PUBLICATION, DISTRIBUTION, ETC. (IMPRINT) | |
| Place of publication, distribution, etc | Cape Town |
| Name of publisher, distributor, etc | Howard Timmins |
| Date of publication, distribution, etc | 1967 |
| 300 ## - PHYSICAL DESCRIPTION | |
| Extent | 249p |
| 300 ## - PHYSICAL DESCRIPTION | |
| Other physical details | 21cm |
| 650 ## - SUBJECT ADDED ENTRY--TOPICAL TERM | |
| Topical term or geographic name as entry element | Namibia |
| General subdivision | Description & travel |
| 9 (RLIN) | 39204 |
| 650 ## - SUBJECT ADDED ENTRY--TOPICAL TERM | |
| Topical term or geographic name as entry element | South Africa |
| General subdivision | Description & travel |
| 9 (RLIN) | 39206 |
| 942 ## - ADDED ENTRY ELEMENTS (KOHA) | |
| Source of classification or shelving scheme | Library of Congress Classification |
| Item type | Monograph ( Printed materials) |
| Withdrawn status | Lost status | Source of classification or shelving scheme | Damaged status | Not for loan | Collection code | Home library | Current library | Shelving location | Date acquired | Total Checkouts | Full call number | Barcode | Date last seen | Copy number | Price effective from | Koha item type |
|---|---|---|---|---|---|---|---|---|---|---|---|---|---|---|---|---|
| Library of Congress Classification | Main Collection | ARRUPE LIBRARY | ARRUPE LIBRARY | 27/02/2013 | DT703.G7352 1967 | 46401423 | 07/12/2017 | 1 | 27/02/2013 | Monograph ( Printed materials) |